000 00431nam a22001817a 4500
003 MPLRDC
005 20220104113947.0
008 210129b ||||| |||| 00| 0 eng d
020 _a957-530-895-6
082 _a848.2 KL-8
100 _a苦苓著
245 _a老师对不起
_c
260 _a
_b幼狮文化事业公司
_c1996
300 _b
490 _a知慧文库
650 _a现代别集
942 _cBK
_o848.2 KL-8
999 _c3712
_d3702